Normal view
MARC view
- FOWLER,RAMSEY H
Entry Personal Name
001 - CONTROL NUMBER
- control field: 133559
003 - CONTROL NUMBER IDENTIFIER
- control field: NUST
005 - DATE AND TIME OF LATEST TRANSACTION
- control field: 20260304093556.0
008 - FIXED-LENGTH DATA ELEMENTS
- fixed length control field: 260304|| aca||aabn | a|a d
040 ## - CATALOGING SOURCE
- Original cataloging agency: NUST
- Transcribing agency: NUST
100 ## - HEADING--PERSONAL NAME
- Personal name: FOWLER,RAMSEY H
670 ## - SOURCE DATA FOUND
- Source citation: Work cat.: (NUST): FOWLER,RAMSEY H., THE LITTLE BROWN HANDBOOK /, 2001.
